Dr. Dolittle (Record no. 15274)
[ view plain ]
| 000 -LEADER | |
|---|---|
| fixed length control field | 02985ngm a2200457 4500 |
| 003 - CONTROL NUMBER IDENTIFIER | |
| control field | dpl |
| 005 - DATE AND TIME OF LATEST TRANSACTION | |
| control field | 20080723110517.0 |
| 007 - PHYSICAL DESCRIPTION FIXED FIELD--GENERAL INFORMATION | |
| fixed length control field | dvd |
| 008 - FIXED-LENGTH DATA ELEMENTS--GENERAL INFORMATION | |
| fixed length control field | ||||||sp199 xxu|||||c|||| 00| 0 eng d |
| 010 ## - LIBRARY OF CONGRESS CONTROL NUMBER | |
| LC control number | DVD-000211-213 & DVD-005327-5331 |
| 024 ## - OTHER STANDARD IDENTIFIER | |
| Standard number or code | 2762 |
| Terms of availability | 499.00, 299.00 (Revised Price) |
| 035 ## - SYSTEM CONTROL NUMBER | |
| System control number | DVD-000211-213 |
| 035 ## - SYSTEM CONTROL NUMBER | |
| System control number | DVD-005327-5331 |
| 040 ## - CATALOGING SOURCE | |
| Original cataloging agency | DPL |
| Transcribing agency | DPL |
| 082 ## - DEWEY DECIMAL CLASSIFICATION NUMBER | |
| Classification number | DVD / DISN |
| 245 ## - TITLE STATEMENT | |
| Title | Dr. Dolittle |
| Statement of responsibility, etc | Twentieth Century Fox Presents |
| Medium | [videorecording] DVD/ |
| 260 ## - PUBLICATION, DISTRIBUTION, ETC. (IMPRINT) | |
| Name of publisher, distributor, etc | Twentieth Century Fox |
| 300 ## - PHYSICAL DESCRIPTION | |
| Extent | 1 videodisc DVD; (85 min.) : |
| Other physical details | sd., col. ; |
| Dimensions | 4 3/4 in. |
| Type of unit | DVD |
| 500 ## - GENERAL NOTE | |
| General note | Interactive Menus, Scene Acess, Original Theatrical Trailer, Multiple Language Subtitles |
| 500 ## - GENERAL NOTE | |
| General note | Sole Distributor in India M/s. Excel Productions Autio Visuals Pvt. Ltd. |
| 538 ## - SYSTEM DETAILS NOTE | |
| System details note | Dolby Digital 5.1-English, Subtitles: English, Korean, Mandarin, Thai, |
| 538 ## - SYSTEM DETAILS NOTE | |
| System details note | Aspect Ratio: 1.85:1, Presentation type: Full Screne, Presentation Size 16x9, Format DVD 9 Dual Layer Single Sided Disc. |
| 650 ## - SUBJECT ADDED ENTRY--TOPICAL TERM | |
| Topical term or geographic name as entry element | Motion Picture |
| 700 ## - ADDED ENTRY--PERSONAL NAME | |
| Personal name | Murphy,Eddie |
| 700 ## - ADDED ENTRY--PERSONAL NAME | |
| Personal name | Ossie, Davis |
| 700 ## - ADDED ENTRY--PERSONAL NAME | |
| Personal name | Platt, Oliver |
| 700 ## - ADDED ENTRY--PERSONAL NAME | |
| Personal name | Curry, Pilar M. |
| 700 ## - ADDED ENTRY--PERSONAL NAME | |
| Personal name | Gibbs, Richard |
| 700 ## - ADDED ENTRY--PERSONAL NAME | |
| Personal name | Farha, Jon |
| 942 ## - ADDED ENTRY ELEMENTS (KOHA) | |
| Koha item type | CD-ROMs, DVDs, VHS |
| Source of classification or shelving scheme | Dewey Decimal Classification |
| Classification part | DVD |
| Call number suffix | DRDO |
| Withdrawn status | Lost status | Source of classification or shelving scheme | Damaged status | Not for loan | Home library | Current library | Date acquired | Source of acquisition | Cost, normal purchase price | Total Checkouts | Full call number | Barcode | Date last seen | Date checked out | Copy number | Price effective from | Koha item type | Total Renewals | Cost, replacement price |
|---|---|---|---|---|---|---|---|---|---|---|---|---|---|---|---|---|---|---|---|
| Dewey Decimal Classification | Central Library | Central Library | 02/09/2008 | Purchase | 499.00 | 16 | DVD DRDO | DVD-000211 | 31/07/2017 | 17/07/2017 | 1 | 15/09/2008 | CD-ROMs, DVDs, VHS | ||||||
| Dewey Decimal Classification | Janak Puri | Janak Puri | 16/12/2009 | Pioneers/885/29-10-09/325/13-10-09 /06-11-09 | 299.00 | 25 | DVD DRDO | DVD-005327 | 21/01/2013 | 06/10/2012 | 1 | 16/12/2009 | CD-ROMs, DVDs, VHS | 299.00 | |||||
| Dewey Decimal Classification | Karol Bagh | Karol Bagh | 16/12/2009 | Pioneers/885/29-10-09/325/13-10-09 /06-11-09 | 299.00 | 7 | DVD DRDO | DVD-005330 | 11/11/2013 | 14/10/2013 | 1 | 16/12/2009 | CD-ROMs, DVDs, VHS | 299.00 | |||||
| Dewey Decimal Classification | Narela | Narela | 16/12/2009 | Pioneers/885/29-10-09/325/13-10-09 /06-11-09 | 299.00 | 5 | DVD DRDO | DVD-005331 | 17/07/2014 | 04/07/2014 | 1 | 16/12/2009 | CD-ROMs, DVDs, VHS | 299.00 | |||||
| Dewey Decimal Classification | Patel Nagar | Patel Nagar | 02/09/2008 | Purchase | 499.00 | 17 | DVD DRDO | DVD-000213 | 20/11/2011 | 17/08/2011 | 1 | 15/09/2008 | CD-ROMs, DVDs, VHS | 499.00 | |||||
| Dewey Decimal Classification | R.K.Puram-8 | R.K.Puram-8 | 16/12/2009 | Pioneers/885/29-10-09/325/13-10-09 /06-11-09 | 299.00 | 11 | DVD DRDO | DVD-005328 | 23/09/2016 | 02/09/2016 | 1 | 16/12/2009 | CD-ROMs, DVDs, VHS | 299.00 | |||||
| Dewey Decimal Classification | Sarojini Nagar | Sarojini Nagar | 02/09/2008 | Purchase | 499.00 | 37 | DVD DRDO | DVD-000212 | 06/01/2016 | 28/12/2015 | 15/09/2008 | CD-ROMs, DVDs, VHS | 2 | 499.00 | |||||
| Dewey Decimal Classification | Vinoba Puri | Vinoba Puri | 16/12/2009 | Pioneers/885/29-10-09/325/13-10-09 /06-11-09 | 299.00 | 18 | DVD DRDO | DVD-005329 | 22/08/2013 | 12/08/2013 | 1 | 16/12/2009 | CD-ROMs, DVDs, VHS | 1 | 299.00 |
